00466nam a2200157Ia 4500008004100000100001800041245008800059260001100147300002100158440004500179521000800224650002400232650002200256650001100278650001900289140626s9999 xx 000 0 und d aMahat, Ganga. aHIV/AIDS knowledge and self-efficacy among late adolscents in Nepal /cGanga Mahat. cc2012. a26 : 3, page 205 aResearch and Theory for Nursing Practice aNUR aHIV/AIDS knowledge. aLate adolescents. aNepal. aSelf-efficacy.